Vista normal
Vista MARC
Entrada Meeting Name
Número de registros utilizados en: 1
001 - CONTROL NUMBER
- control field: 7631
003 - CONTROL NUMBER IDENTIFIER
- control field: OSt
005 - DATE AND TIME OF LATEST TRANSACTION
- control field: 20200722170636.0
008 - FIXED-LENGTH DATA ELEMENTS
- fixed length control field: 200722|| aca||aabn | a|a d
040 ## - CATALOGING SOURCE
- Original cataloging agency: OSt
- Transcribing agency: OSt
111 ## - HEADING--MEETING NAME
- Meeting name or jurisdiction name as entry element: Simposio sobre Mercado de Capitales
- Number of part/section/meeting: (13o. :
- Date of meeting or treaty signing: 1992 :
- Location of meeting: Medellín)
670 ## - SOURCE DATA FOUND
- Source citation: Work cat.: (OSt)5596: Simposio sobre Mercado de Capitales (13o. : 1992 : Medellín), Apertura : , 1992